Uno sguardo diacronico sui prefissi "rivali" super-, sopra-
Guardado en:
| Autor principal: | |
|---|---|
| Formato: | Capítulo de libro |
| Lenguaje: | italiano |
| Materias: | |
| Etiquetas: |
Sin Etiquetas, Sea el primero en etiquetar este registro!
|
MARC
| LEADER | 00000nla$a2200000$$$4500 | ||
|---|---|---|---|
| 001 | 0128255 | ||
| 005 | 20240502072450.4 | ||
| 041 | 0 | |a ita | |
| 044 | |a SK | ||
| 245 | 1 | 0 | |a Uno sguardo diacronico sui prefissi "rivali" super-, sopra- |c Roman Sehnal |
| 610 | 2 | 0 | |a jazyky cudzie |
| 610 | 2 | 0 | |a jazykoveda |
| 610 | 2 | 0 | |a taliančina |
| 100 | 1 | |a Sehnal, Roman | |